Inversión pública social en infancia y adolescencia (Registro nro. 3934)

Detalles MARC
000 -LEADER
fixed length control field 01189 a2200241 4500
001 - CONTROL NUMBER
control field 45481
005 - DATE AND TIME OF LATEST TRANSACTION
control field 20260407155727.0
008 - FIXED-LENGTH DATA ELEMENTS--GENERAL INFORMATION
fixed length control field 260407a2011 arg spa d
003 - CONTROL NUMBER IDENTIFIER
control field AR-UNSa-BCEJYS
040 ## - CATALOGING SOURCE
Original cataloging agency AR-UNSa-BCEJYS
Language of cataloging spa
Transcribing agency AR-UNSa-BCEJYS
080 ## - UNIVERSAL DECIMAL CLASSIFICATION NUMBER
Universal Decimal Classification number 304.4(82)
Common auxiliary subdivision Aspectos generales de las políticas y prácticas sociales y culturales en Argentina (política social)
020 ## - INTERNATIONAL STANDARD BOOK NUMBER
International Standard Book Number 978-987-1479-31-3
041 ## - LANGUAGE CODE
Language code of text/sound track or separate title spa
100 1# - MAIN ENTRY--PERSONAL NAME
Personal name Marazzi, Vanesa
245 10 - TITLE STATEMENT
Title Inversión pública social en infancia y adolescencia
Name of part/section of a work Un análisis institucional y presupuestario para el municipio de Luján
264 #1 - PRODUCTION, PUBLICATION, DISTRIBUTION, MANUFACTURE, AND COPYRIGHT NOTICE
Place of production, publication, distribution, manufacture Buenos Aires :
Name of producer, publisher, distributor, manufacturer CIPPEC
Date of production, publication, distribution, manufacture, or copyright notice 2011
300 ## - PHYSICAL DESCRIPTION
Extent 71 p.
Dimensions 24 cm
505 ## - FORMATTED CONTENTS NOTE
Formatted contents note 1. Caracterización institucional del sistema de protección y promoción de derechos de los niños, niñas y adolescentes en el municipio de Luján - 2. Análisis de la inversión pública social del municipio de Luán en infancia y adolescencia - 3. Reflexiones finales: desafíos pendientes.
590 ## - LOCAL NOTE (RLIN)
Local note niveau_biblio:m niveau_hierar:0
700 1# - ADDED ENTRY--PERSONAL NAME
Personal name Olaviaga, Sofía
856 41 - ELECTRONIC LOCATION AND ACCESS
Uniform Resource Identifier <a href="https://www.biblioeco.unsa.edu.ar/pmb/images/libros/L127113.jpg">https://www.biblioeco.unsa.edu.ar/pmb/images/libros/L127113.jpg</a>
Link text Imagen de portada
Electronic format type image/jpeg
942 ## - ADDED ENTRY ELEMENTS (KOHA)
Koha item type
Existencias
Withdrawn status Lost status Damaged status Not for loan Home library Current library Shelving location Date acquired Total checkouts Full call number Barcode Date last seen Price effective from Koha item type
        Biblioteca Prof. Eusebio Cleto del Rey Biblioteca Prof. Eusebio Cleto del Rey   07/04/2026   304.4(82) O42p L127113 07/04/2026 07/04/2026 Libro